| 000 | | | 03921nmc2a22002653x 450 |
| 001 | | | 2b3654df-30f3-40eb-9987-eec0bbe3c358 |
| 005 | | | 20230715135546.0 |
| 100 | ## | $a | 20221221l18791879k l0rusy0189 ca |
| 101 | 0# | $a | rus |
| | $a | fre |
| 102 | ## | $a | RU |
| 105 | ## | $a | y### |
| 122 | 2# | $a | d |
| 200 | 1# | $a | Записка о народном образовании в французских колониях с приложением копий, относящихся к этому вопросу документов |
| | $j | 1879 г. |
| 215 | ## | $a | 164 л. |
| | $d | 28х22,5 см |
| 251 | ## | $c | Дело |
| 300 | ## | $a | Материалы о начальных школах в Германии и Франции |
| 300 | ## | $a | На русском и французском языках |
| 300 | ## | $a | Без обозначения автора |
| 371 | ## | $a | Документ не является опубликованным и широко распространяемым |
| 461 | #0 | $1 | 001a74412a3-3cc5-4d21-8f0a-dfe2fbd9e72d |
| | $1 | 2001 |
| | $a | Департамент народного просвещения Министерства народного просвещения (1803-1917) |
| | $1 | 251 |
| | $c | Фонд |
| | $1 | 852 |
| | $j | 733 |
| 462 | #0 | $1 | 001e7457a9b-6ab2-47cb-b3ed-bfff162542f9 |
| | $1 | 2001 |
| | $a | Разряд учительских институтов, семинарий и низших учебных заведений |
| | $1 | 251 |
| | $c | Опись |
| | $1 | 852 |
| | $j | 227 |
| 801 | #0 | $a | RU |
| | $b | РГИА |
| | $c | 20221221 |
| | $g | RCR |
| 801 | #1 | $a | RU |
| | $b | ГлавНИВЦ |
| | $c | 20221221 |
| | $2 | rusmarc |
| 801 | #2 | $a | RU |
| | $b | ПБ им. Б.Н. Ельцина |
| | $c | 20230715 |
| | $g | RCR |
| | $2 | rusmarc |
| 850 | ## | $a | РГИА |
| 852 | ## | $a | РГИА |
| | $e | Федеральное казенное учреждение "Российский государственный исторический архив" (РГИА) |
| | $j | 177 |
| 937 | ## | $h | РГИА |
| | $d | 12396153 |
| | $a | ASBIBLIO_SCAN |
| 035 | ## | $a | RusGRCC00057396 |
| 856 | ## | $u | http://readingroom.main.prlib.ru/item.aspx?id_node=n186542166&mode=full |